The Search for a National Consensus : (Record no. 148)
[ view plain ]
| 000 -LEADER | |
|---|---|
| fixed length control field | 00644cam a2200205 a 4500 |
| 003 - CONTROL NUMBER IDENTIFIER | |
| control field | OSt |
| 005 - DATE AND TIME OF LATEST TRANSACTION | |
| control field | 20171025212906.0 |
| 008 - FIXED-LENGTH DATA ELEMENTS--GENERAL INFORMATION | |
| fixed length control field | 050321s2005 ug a 001 0 eng |
| 010 ## - LIBRARY OF CONGRESS CONTROL NUMBER | |
| LC control number | 2005327131 |
| 020 ## - INTERNATIONAL STANDARD BOOK NUMBER | |
| International Standard Book Number | 9970024914 |
| 040 ## - CATALOGING SOURCE | |
| Original cataloging agency | DLC |
| Transcribing agency | DLC |
| Modifying agency | DLC |
| 082 00 - DEWEY DECIMAL CLASSIFICATION NUMBER | |
| Classification number | 342.0209671 |
| Edition number | 22 |
| Item number | ODO |
| 100 1# - MAIN ENTRY--PERSONAL NAME | |
| Personal name | Odoki, Benjamin J. |
| 9 (RLIN) | 171 |
| 245 14 - TITLE STATEMENT | |
| Title | The Search for a National Consensus : |
| Remainder of title | the making of the 1995 Uganda Constitution / |
| Statement of responsibility, etc | Benjamin J. Odoki. |
| 260 ## - PUBLICATION, DISTRIBUTION, ETC. (IMPRINT) | |
| Place of publication, distribution, etc | Kampala : |
| Name of publisher, distributor, etc | Fountain Publishers, |
| Date of publication, distribution, etc | 2005. |
| 300 ## - PHYSICAL DESCRIPTION | |
| Extent | xiv, 370 p. : |
| Other physical details | ill. ; |
| Dimensions | 21 cm. |
| 500 ## - GENERAL NOTE | |
| General note | Includes index. |
| 650 #0 - SUBJECT ADDED ENTRY--TOPICAL TERM | |
| Topical term or geographic name as entry element | Constitutional history |
| Geographic subdivision | Uganda. |
| 9 (RLIN) | 410 |
| 942 ## - ADDED ENTRY ELEMENTS (KOHA) | |
| Source of classification or shelving scheme | Dewey Decimal Classification |
| Koha item type | Books |
| Withdrawn status | Lost status | Source of classification or shelving scheme | Damaged status | Not for loan | Home library | Current library | Shelving location | Date acquired | Total Checkouts | Full call number | Barcode | Date last seen | Price effective from | Koha item type |
|---|---|---|---|---|---|---|---|---|---|---|---|---|---|---|
| Dewey Decimal Classification | Law Development Centre Main Library | Law Development Centre Main Library | Text Books and Laws | 04/09/2011 | 342.0209671 ODO | 68/05 | 04/09/2011 | 04/09/2011 | Books | |||||
| Dewey Decimal Classification | Law Development Centre Main Library | Law Development Centre Main Library | Text Books and Laws | 04/09/2011 | 342.0209671 ODO | 71/05 | 04/09/2011 | 04/09/2011 | Books | |||||
| Dewey Decimal Classification | Law Development Centre Main Library | Law Development Centre Main Library | Text Books and Laws | 04/09/2011 | 342.0209671 ODO | 70/05 | 04/09/2011 | 04/09/2011 | Books | |||||
| Dewey Decimal Classification | Law Development Centre Main Library | Law Development Centre Main Library | Text Books and Laws | 04/09/2011 | 342.0209671 ODO | 69/05 | 04/09/2011 | 04/09/2011 | Books |
